| 000 | 01964pam a2200361 a 4500 | ||
|---|---|---|---|
| 001 | 4980457 | ||
| 005 | 20240311111854.0 | ||
| 008 | 980617s1998 ne a b 101 0 eng | ||
| 010 | _a 98028192 | ||
| 020 | _a0792352017 (alk. paper) | ||
| 040 |
_aDLC _cDLC _dDLC |
||
| 050 | 0 | 0 |
_aRM301.42 _b.S78 1998 |
| 082 | 0 | 0 |
_a615.19 _bSTR |
| 245 | 0 | 0 |
_aStructure-based drug design : _bexperimental and computational approaches / _cedited by Penelope W. Codding. |
| 260 |
_aDordrecht ; _aBoston : _bKluwer Academic Publishers, _cc1998. |
||
| 300 |
_avii, 289 p. : _bill. ; _c25 cm. |
||
| 490 | 1 |
_aNATO ASI series. Series E, Applied sciences ; _vvol. 352 |
|
| 500 | _a"Published in cooperation with NATO Scientific Affairs Division." | ||
| 500 | _a"Proceedings of the NATO Advanced Study Institute on Experimental and Computational Approaches to Structure-Based Drug Design, Erice, Sicily, Italy, May 9-19, 1996"--T.p. verso. | ||
| 504 | _aIncludes bibliographical references and index. | ||
| 650 | 0 |
_aDrugs _xStructure-activity relationships _xCongresses. _9122066 |
|
| 650 | 0 |
_aDrugs _xDesign _xComputer simulation _xCongresses. _9122067 |
|
| 650 | 0 |
_aX-ray crystallography _xCongresses. _9122068 |
|
| 700 | 1 |
_aCodding, Penelope W. _9122069 |
|
| 710 | 2 |
_aNorth Atlantic Treaty Organization. _bScientific Affairs Division. _995775 |
|
| 711 | 2 |
_aNATO Advanced Study Institute on Experimental and Computational Approaches to Structure-Based Drug Design _d(1996 : _cErice, Italy) _9122070 |
|
| 830 | 0 |
_aNATO ASI series. _nSeries E, _pApplied sciences ; _vno. 352. _9122071 |
|
| 856 | 4 | 2 |
_3Publisher description _uhttp://www.loc.gov/catdir/enhancements/fy0813/98028192-d.html |
| 856 | 4 | 1 |
_3Table of contents only _uhttp://www.loc.gov/catdir/enhancements/fy0813/98028192-t.html |
| 906 |
_a7 _bcbc _corignew _d1 _eocip _f19 _gy-gencatlg |
||
| 942 |
_2ddc _cBK |
||
| 999 |
_c23392 _d23392 |
||